000
00266nam a22000977a 4500
008
230424b |||||||| |||| 00| 0 eng d
020
_a
9789389845099
100
_a
Kaur Harmeet
_9
7670
245
_a
Artificial Intelligence-IX
260
_a
New Delhi
_b
BPB Publications
_c
2020
999
_c
12273
_d
12273